| 000 | 00000nam##2200000za#4500 |
| 001 | 9.680548 |
| 003 | CaOODSP |
| 005 | 20200330064229 |
| 007 | ta |
| 008 | 150407|1998||||xxc||||| f|0| 0 fre|d |
| 020 | |a0-662-83179-9 |
| 040 | |aCaOODSP|bfre |
| 043 | |an-cn--- |
| 086 | 1 |aA53-1981/1998F |
| 110 | 1 |aCanada. |bAgriculture et agroalimentaire Canada. |bDirection générale de la recherche. |
| 245 | 13|aLa santé de l'air que nous respirons : |bvers une agriculture durable au Canada / |cPréparé sous la direction de H. H. Janzen et al. |
| 260 | |aOttawa - Ontario : |bAgriculture et Agroalimentaire Canada. |c1998. |
| 300 | |avii, 100p. : |bfigures, graphiques, références, tableaux ; |c28 cm. |
| 500 | |a«Dans le présent ouvrage, on traite exhaustivement des interactions qui surviennent entre les terres et l'atmosphère en raison des pratiques agricoles au Canada.»--Page v. Sommaire: Introduction.--L'agriculture canadienne et les gaz à effet de serre.--Ozone.--Autres liens entre l'agriculture et l'atmosphère.--Conclusions.--Bibliographie et ouvrages recommandés. |
| 520 | 3 |aDans le présent ouvrage, on traite exhaustivement des interactions qui surviennent entre les terres et l'atmosphère en raison des pratiques agricoles au Canada.--Page v |
| 563 | |aCouverture souple |
| 590 | |a99-10|b1999-03-12 |
| 691 | 07|aQualité de l'air|2gcpds |
| 691 | 07|aPollution atmosphérique|2gcpds |
| 691 | 07|aAgriculture|2gcpds |
| 720 | 1 |aJanzen, H. H. |
| 775 | 08|tThe health of our air : |w(CaOODSP)9.647083 |
| 776 | 0#|tLa santé de l'air que nous respirons : |w(CaOODSP)9.631342 |
| 986 | |aPublication 1981/F |